The Dacca law reports : table of cases of all courts civil and criminal. Volume XIV /

Bibliografiske detaljer
Andre forfattere: Chowdhury, Obaidul Haque
Format: Bog
Sprog:English
Udgivet: Dacca [Bangladesh] : Dacca Law Reports, 1962
Fag:
Classic Catalogue: View this record in Classic Catalogue
LEADER 01554nam a2200313 a 4500
001 0020900
003 BD-DhAAL
008 100927s1962 bg w 000 0 eng d
040 |a BD-DhAAL  |c BD-DhAAL 
082 0 0 |a 348.5492046  |2 22 
130 0 |a DLR  |9 4045 
245 0 4 |a The Dacca law reports :  |b table of cases of all courts civil and criminal.  |n Volume XIV /  |c Obaidul Huq Chowdhury, editor. 
246 1 7 |a The Dhaka Law Reports. 
260 |a Dacca [Bangladesh] :  |b Dacca Law Reports,  |c 1962 
300 |a vii, 327, 989, 42 p. :  |c 25 cm 
362 0 |a Vol. 14 (1962) 
500 |a "A journal of law reports." 
500 |a Latest issue consulted: Vol.XIV, January to December,1962 
526 |a SOL  |x Saira Rahman Khan, Associate Professor School of Law BRAC University 
541 |e 0020900, 0022292  |a Anupam Gyan Bhandar 
590 |a Published yearly. 
650 0 |a Law reports, digests, etc.  |z Bangladesh.  |9 4046 
650 0 |a Law reports, digests, etc.  |z India  |z Bengal.  |9 4047 
700 1 |a Chowdhury, Obaidul Haque.  |9 1137 
852 4 |a Ayesha Abed Library 
942 |2 ddc  |c 1HOUR  |0 1 
999 |c 10657  |d 10657 
952 |0 0  |1 0  |2 ddc  |4 0  |6 348_549204600000000_DAC  |7 0  |8 REF  |9 16024  |a BRACUL  |b BRACUL  |c REF  |d 2011-04-07  |l 10  |o 348.5492046 DAC  |p 3010022292  |r 2017-11-01  |s 2017-11-01  |t 2  |w 2011-04-07  |y 1HOUR 
952 |0 0  |1 0  |2 ddc  |4 0  |6 348_549204600000000_DAC  |7 0  |8 REF  |9 23992  |a BRACUL  |b BRACUL  |c REF  |d 2014-03-20  |e Anupam Gyan Bhandar  |l 0  |o 348.5492046 DAC  |p 3010020900  |r 2014-03-20  |t 1  |w 2014-03-20  |y 1HOUR  |x Requisitioned by Saira Rahman Khan, Associate Professor, School of Law, BRAC University.